Себе не измени: повести

Dades bibliogràfiques
Autor principal: Климов В. А. Владимир Александрович
Sumari:Исключено из фонда НТБ ТПУ
Idioma:rus
Publicat: Москва, ДОСААФ, 1988
Format: Llibre
KOHA link:https://koha.lib.tpu.ru/cgi-bin/koha/opac-detail.pl?biblionumber=315385

MARC

LEADER 00000nam0a2200000 4500
001 315385
005 20231101014922.0
010 |a 5703000327 
035 |a (RuTPU)RU\TPU\book\340820 
090 |a 315385 
100 |a 20160301d1988 m y0rusy50 ca 
101 0 |a rus 
102 |a RU 
105 |a a z 000ay 
200 1 |a Себе не измени  |e повести  |f В. А. Климов 
210 |a Москва  |c ДОСААФ  |d 1988 
215 |a 204 с.  |c ил. 
333 |a Исключено из фонда НТБ ТПУ 
700 1 |a Климов  |b В. А.  |g Владимир Александрович 
801 1 |a RU  |b 63413507  |c 20160301 
801 2 |a RU  |b 63413507  |c 20220422  |g RCR 
942 |c BK